000 00688nam a2200181 i 4500
001 80193
003 ES-MaACL
005 20230906174146.0
007 t|
008 041026s1974 sp ||||1| spa d
245 0 0 _aHistorias de los regadíos
_b: dos campañas de "Heraldo de Aragón" en defensa del plan de riegos de la región aragonesa /
_cprólogo de Antonio Bruned Mompeón ; edición de Juan Domínguez Lasierra.
260 _aZaragoza :
_bHeraldo de Aragón,
_c1974.
300 _a509 p. ;
_c25 cm.
650 4 _aRegadío-
_zAragón.
_9164055
700 1 _aBruned Mompeón, Antonio.
_932151
700 1 _aDomínguez Lasierra, Juan.
_945223
852 _aES-MaACL
_jL-7197
_bR.106662
999 _c80193
_d80193